| 000 | 00805nam a22002297a 4500 | ||
|---|---|---|---|
| 003 | OSt | ||
| 005 | 20230201082551.0 | ||
| 008 | 221006b |||||||| |||| 00| 0 eng d | ||
| 022 | _a2500 8501 Noviembre | ||
| 040 | _cBiblioteca Lado V | ||
| 082 |
_a741 _bG186m |
||
| 100 |
_9704 _aGamarra, Jose _eautor |
||
| 130 |
_9701 _aLa Minúscula Ensayística Ilustrada _lspa |
||
| 245 |
_aLa Minúscula Ensayística Ilustrada/ _bDesconfiados/ |
||
| 260 |
_bMincultura _aColombia _c2016 |
||
| 300 |
_c6x8cm _a56p. |
||
| 490 |
_aLa Minúscula Ensayística Ilustrada _vVolumen 2 Noviembre |
||
| 650 | 0 |
_2Tesauro de Arte & Arquitectura _aDIBUJO _9702 |
|
| 650 |
_2Tesauro de Arte & Arquitectura _aARTE |
||
| 650 |
_2Tesauro de Arte & Arquitectura _aILUSTRACION |
||
| 942 |
_2ddc _c1 _h741 _iG186m _n0 |
||
| 999 |
_c2994 _d2994 |
||